CTET 15 Solved Papers-Paper-II (Social Studies) (2013-2023) (Record no. 12574)

MARC details
000 -LEADER
fixed length control field 00284nam a22000977a 4500
008 - FIXED-LENGTH DATA ELEMENTS--GENERAL INFORMATION
fixed length control field 240419b |||||||| |||| 00| 0 eng d
020 ## - INTERNATIONAL STANDARD BOOK NUMBER
International Standard Book Number 9789359580937
100 ## - MAIN ENTRY--PERSONAL NAME
Personal name Oswaal
9 (RLIN) 7599
245 ## - TITLE STATEMENT
Title CTET 15 Solved Papers-Paper-II (Social Studies) (2013-2023)
260 ## - PUBLICATION, DISTRIBUTION, ETC. (IMPRINT)
Place of publication, distribution, etc. Agra
Name of publisher, distributor, etc. Oswaal Books
Date of publication, distribution, etc. 2024
Holdings
Withdrawn status Lost status Source of classification or shelving scheme Damaged status Koha normalized classification for sorting Not for loan Home library Current library Shelving location Date acquired Total Checkouts Total Renewals Full call number Barcode Date last seen Date last checked out Price effective from Koha item type
    Dewey Decimal Classification   OSW_300_000000000000000   Good Samaritan School Library Good Samaritan School Library Social Science 04/19/2024 2 3 OSW300 OSW17917 07/03/2024 05/03/2024 04/19/2024 BOOK

Powered by Koha